Hợp tác trong dạy học môn Toán
Giới thiệu những vấn đề cơ bản về tương tác trong dạy học, phương pháp dạy học hợp tác cũng như việc hợp tác và tương tác trong dạy học những tình huống điển hình trong môn Toán
Đã lưu trong:
| 主要作者: | |
|---|---|
| 格式: | 圖書 |
| 語言: | Undetermined |
| 出版: |
Hà Nội
Nxb. Đại học Sư phạm
2017
|
| 主題: | |
| 標簽: |
添加標簽
沒有標簽, 成為第一個標記此記錄!
|
| Thư viện lưu trữ: | Trung tâm Học liệu Trường Đại học Cần Thơ |
|---|
| LEADER | 00865nam a2200205Ia 4500 | ||
|---|---|---|---|
| 001 | CTU_224249 | ||
| 008 | 210402s9999 xx 000 0 und d | ||
| 020 | |c 55000 | ||
| 082 | |a 510.7 | ||
| 082 | |b M312 | ||
| 100 | |a Hoàng, Lê Minh | ||
| 245 | 0 | |a Hợp tác trong dạy học môn Toán | |
| 245 | 0 | |c Hoàng Lê Minh | |
| 260 | |a Hà Nội | ||
| 260 | |b Nxb. Đại học Sư phạm | ||
| 260 | |c 2017 | ||
| 520 | |a Giới thiệu những vấn đề cơ bản về tương tác trong dạy học, phương pháp dạy học hợp tác cũng như việc hợp tác và tương tác trong dạy học những tình huống điển hình trong môn Toán | ||
| 650 | |a Toán học,Mathematics | ||
| 650 | |x Học và dạy,Study and teaching | ||
| 980 | |a Trung tâm Học liệu Trường Đại học Cần Thơ | ||